Připad Masaryk /

Gespeichert in:
Bibliographische Detailangaben
1. Verfasser: Sterlingová, Claire (Verfasst von)
Format: Buch
Sprache:Tschechisch
Veröffentlicht: Praha : LepreZ, 1991
Tags: Tag hinzufügen
Keine Tags, Fügen Sie das erste Tag hinzu!

MARC

LEADER 00000nam a22000003a 4500
001 stu806
005 20150617225617.8
008 911122s1991----cs------------------cze-d
040 |a STU  |b slo 
041 0 |a cze 
044 |a cs 
080 |a 929 MASARYK 
080 |a 943.7"1948" 
100 1 |a Sterlingová, Claire  |4 aut 
245 1 |a Připad Masaryk /  |c [aut.] Sterlingová,Claire 
260 |a Praha :  |b LepreZ,  |c 1991 
300 |a 315 s 
996 |b E75391  |c R*75391  |l RRUM  |s A  |a 24  |w stu806_0001